Μύθοι και πραγματικότητα την εποχή της παγκοσμιοποίησης : διεπιστημονική προσέγγιση

Αποθηκεύτηκε σε:
Λεπτομέρειες βιβλιογραφικής εγγραφής
Άλλοι συγγραφείς: Ζουμπουλάκης, Μιχαήλ, Κόλλιας, Χρήστος Γ., 1960- (Επιμελητής έκδοσης), Ναξάκης, Χαρίλαος Ι. (Επιμελητής έκδοσης), Χλέτσος, Mιχάλης (Επιμελητής έκδοσης)
Μορφή: Βιβλίο
Γλώσσα:Greek
Δημοσίευση: Αθήνα : Πατάκης, 2003.
Σειρά:Επιστήμη και κοινωνία (Πατάκης)
Θέματα:
Ετικέτες: Προσθήκη ετικέτας
Δεν υπάρχουν, Καταχωρήστε ετικέτα πρώτοι!

MARC

LEADER 00000cam a2200000 i 4500
001 1/37451
008 030624s2003 gr | ||| |||| ||gre||
020 |a 9601606661 
035 |l 10070257 
040 |a GR-MY-UA  |b gre  |e aacr 
041 0 |a gre 
082 7 |a 327.1   |2 (21) 
245 0 0 |a Μύθοι και πραγματικότητα την εποχή της παγκοσμιοποίησης :   |b διεπιστημονική προσέγγιση /   |c Ζουμπουλάκης Μιχαήλ ... [κ.α.] ; επιμελητές: Χρήστος Κόλλιας, Χάρης Ναξάκης, Μιχάλης Χλέτσος 
260 |a Αθήνα :   |b Πατάκης,   |c 2003. 
300 |a 399 σ. :   |b πίν. ;   |c 21 εκ. 
490 1 |a (Επιστήμη και κοινωνία / Πατάκης) 
504 |a Περιέχει βιβλιογραφία. 
650 0 0 |a Globalization. 
700 1 |a Ζουμπουλάκης, Μιχαήλ. 
700 1 |a Κόλλιας, Χρήστος Γ.,   |d 1960-  |e edt 
700 1 |a Ναξάκης, Χαρίλαος Ι.  |e edt 
700 1 |a Χλέτσος, Mιχάλης,  |e edt 
830 0 |a Επιστήμη και κοινωνία (Πατάκης) 
852 |a INST  |b LESVOS  |e 20030624  |h 327.1 ΜΥΘ  |p 005100024564  |q 005100024564  |t BK  |y 0 
901 |a BIBL1-2003-2 
909 |a Λ  |b 105420 
970 |a ΧΡΙΣΤΟΦΑ  |b ΝΙΚΗ  |z 2003/06/24